| 000 | 01139cac a2200241 a 4500 | ||
|---|---|---|---|
| 003 | CO-PeBPM | ||
| 005 | 20251220105126.0 | ||
| 008 | 240613s2008c]|ck x ||||||||||||||spaund|| | ||
| 020 | _a9789584506955 | ||
| 040 |
_aCO-PeBPM _bspa _cCO-PeBPM _erda |
||
| 041 | _aspa | ||
| 082 | 0 | 4 | _a158.1 ó61c |
| 100 | 1 |
_aOpi, Juanma _eautor |
|
| 245 | 0 |
_aYo cocodrilo _b : Cómo nace un triunfador _c/ Juanma Opi; edición Juan Sebastián Sabogal Jara |
|
| 260 |
_aBogotá, Colombia: _b: Norma Editorial _c, 2008 |
||
| 300 |
_a219 páginas _c21 centimetros |
||
| 490 | _aFábulas Empresariales | ||
| 500 |
_aIncluye índice _aUn cuento de negocios |
||
| 520 | _aAmeno y divertido, serio y profundo, de denuncia y de esperanza, constituye un toque de atención a la especie humana. El argumento se basa en comparación de las vidas entre dos curiosos personajes: un ejecutivo (representante de nuestro mundo) y un cocodrilo (un animal primitivo).Tomado de: http://bit.ly/vlhEyM | ||
| 650 | 1 | 4 |
_aPsicología aplicada _aAutorealización (Psicología) _aCambio organizacional |
| 700 | 1 |
_aSabogal Jara, Juan Sebastián _eEdición |
|
| 942 |
_2ddc _cBK _n0 |
||
| 999 |
_c107041 _d107041 |
||